LEADER 01092nam1 2200373 450 001 990002891280203316 005 20090204103539.0 035 $a000289128 035 $aUSA01000289128 035 $a(ALEPH)000289128USA01 035 $a000289128 100 $a20070329d1994----km-y0itay50------ba 101 $afre 102 $aFR 105 $a||||||||001yy 200 1 $a<> matins du monde$fJean-Pierre Otte 210 $aParis$cSeghers$d1994 215 $a2 v.$d20 cm 463 \1$1001990002891310203316$12001 $a<<2.>> : <>aubes enchantées$eles mythes de la création, du cercle polaire à l'Océanie 606 0 $aCosmogonia 606 $aCreazione$xMiti 676 $a291.24 676 $a844 700 1$aOTTE,$bJean-Pierre$0440176 801 0$aIT$bsalbc$gISBD 912 $a990002891280203316 951 $aXV.5.A$bLM$cXV.5.A 959 $aBK 969 $aFF 979 $aSENATORE$b90$c20070329$lUSA01$h1100 979 $aMARIAS$b90$c20090204$lUSA01$h1028 979 $aMARIAS$b90$c20090204$lUSA01$h1035 996 $aMatins du monde$9990020 997 $aUNISA LEADER 01294cam0-22004331i-450- 001 990007898810403321 005 20080506161726.0 010 $a88-14-10768-8 035 $a000789881 035 $aFED01000789881 035 $a(Aleph)000789881FED01 035 $a000789881 100 $a20040623d2004----km-y0itay50------ba 101 0 $aita 102 $aIT 105 $ay---n---001yy 200 1 $aCodice della privacy$ecommento al decreto legislativo 30 giugno 2003, n. 196 aggiornato con le più recenti modifiche legislative$fAlberto Zucchetti ... [et al.] 210 $aMilano$cGiuffrè$d2004 215 $a2 v.$d24 cm 225 1 $a<>nuove leggi amministrative$v14 610 0 $aPrivacy 676 $a342.450 858$v20$zita 702 1$aZucchetti,$bAlberto 710 01$aItalia$0423419 801 0$aIT$bUNINA$gRICA$2UNIMARC 901 $aBK 912 $a990007898810403321 952 $aM-I-159A/B$b13079$fDDRC 952 $aM-I-164A$b13745a$fDDRC 952 $aM-I-164b$b13745b$fDDRC 952 $aCN 51(14)a/b$b6001$fDDCIC 952 $a19-E-313/1,2$b13785/1,2$fDDCP 952 $aVI Z 541 1-2$b1(6156 A), 2(6156 B)$fDDA 959 $aDDRC 959 $aDDCIC 959 $aDDCP 959 $aDDA 996 $aCodice della privacy$9667929 997 $aUNINA LEADER 01089nam--2200385---450- 001 990002429740203316 005 20090715094053.0 010 $a88-243-0854-6 035 $a000242974 035 $aUSA01000242974 035 $a(ALEPH)000242974USA01 035 $a000242974 100 $a20050609y1990----km-y0itaa50------ba 101 0 $aita 102 $aIT 105 $ay---z---001yy 200 1 $aMatrimonio e processo$fFranco Cipriani 210 $aNapoli$cJovene$dcopyr. 1990 215 $aVIII, 414 p.$d24 cm 410 0$12001 454 1 $12001 461 1$1001------$12001 606 0 $aSeparazione coniugale 606 $aDivorzio$xDiritto processualee civile 676 $a346.4501660269 700 1$aCIPRIANI,$bFranco$0140440 801 0$aIT$bsalbc$gISBD 912 $a990002429740203316 951 $aXXVII.1.F 11 (IG I 2193)$b44735 G.$cXXVII.1.F 11 (IG I)$d00130697 959 $aBK 969 $aGIU 979 $aIANNONE$b90$c20050609$lUSA01$h0948 979 $aRSIAV4$b90$c20090715$lUSA01$h0940 996 $aMatrimonio e processo$961155 997 $aUNISA